Countries that Participated in WW2 - Statistics

General Stats
  • This quiz has been taken 42 times
  • The average score is 14 of 24
Answers on the Map
Answers color-coded by a green-red scale on the quiz's map according to % correct below.
 
Answer Stats
Answer % Correct
France
92%
Italy
86%
United States
86%
Japan
83%
Canada
78%
Poland
75%
China
72%
Australia
69%
Soviet Union
69%
Belgium
61%
Netherlands
58%
Norway
58%
Finland
53%
Greece
53%
New Zealand
53%
Hungary
44%
Nazi Germany
44%
Romania
44%
Turkey
44%
Yugoslavia
42%
Bulgaria
39%
Czechoslovakia
31%
Egypt
31%
United Kingdom (British Empire)
6%
No matching quizzes found
Score Distribution
Percent of People with Each Score
Percentile by Number Answered
Your Score History
You have not taken this quiz